Ecological integrity and the management of ecosystems / (Record no. 2553)

MARC details
000 -LEADER
fixed length control field 01600nam a22004097a 4500
001 - CONTROL NUMBER
control field 2049594
003 - CONTROL NUMBER IDENTIFIER
control field OSt
005 - DATE AND TIME OF LATEST TRANSACTION
control field 20260220144736.0
008 - FIXED-LENGTH DATA ELEMENTS--GENERAL INFORMATION
fixed length control field 260220b |||||||| |||| 00| 0 eng d
010 ## - LIBRARY OF CONGRESS CONTROL NUMBER
LC control number 93006949
020 ## - INTERNATIONAL STANDARD BOOK NUMBER
International Standard Book Number 096340301X
Terms of availability $59.95
035 ## - SYSTEM CONTROL NUMBER
System control number 2049594
040 ## - CATALOGING SOURCE
Original cataloging agency KMU
Transcribing agency KMU
Modifying agency KMU
043 ## - GEOGRAPHIC AREA CODE
Geographic area code n-cn---
050 00 - LIBRARY OF CONGRESS CALL NUMBER
Classification number QH75.A1
Item number E24 1993
245 00 - TITLE STATEMENT
Title Ecological integrity and the management of ecosystems /
Statement of responsibility, etc. edited by Stephen Woodley, James Kay, George Francis.
260 ## - PUBLICATION, DISTRIBUTION, ETC.
Place of publication, distribution, etc. Delray Beach, FL :
Name of publisher, distributor, etc. St. Lucie Press,
Date of publication, distribution, etc. c1993.
300 ## - PHYSICAL DESCRIPTION
Extent viii, 220 p. :
Other physical details ill. ;
Dimensions 24 cm.
336 ## - CONTENT TYPE
Content type term text
Content type code txt
Source rdacontent
337 ## - MEDIA TYPE
Media type term unmediated
Media type code n
Source rdamedia
338 ## - CARRIER TYPE
Carrier type term volume
Carrier type code nc
Source rdacarrier
500 ## - GENERAL NOTE
General note Proceedings of a conference held in April 1991 at the University of Waterloo.
500 ## - GENERAL NOTE
General note "Sponsored by Heritage Resources Centre, University of Waterloo and Canadian Parks Service, Ottawa".
504 ## - BIBLIOGRAPHY, ETC. NOTE
Bibliography, etc. note Includes bibliographical references.
650 #0 - SUBJECT ADDED ENTRY--TOPICAL TERM
Topical term or geographic name entry element Ecosystem management
General subdivision Congresses.
650 #0 - SUBJECT ADDED ENTRY--TOPICAL TERM
Topical term or geographic name entry element Ecological integrity
General subdivision Congresses.
650 #0 - SUBJECT ADDED ENTRY--TOPICAL TERM
Topical term or geographic name entry element Ecosystem management
Geographic subdivision Canada
General subdivision Congresses.
650 #0 - SUBJECT ADDED ENTRY--TOPICAL TERM
Topical term or geographic name entry element Ecological integrity
Geographic subdivision Canada
General subdivision Congresses.
700 1# - ADDED ENTRY--PERSONAL NAME
Personal name Woodley, Stephen J.
Fuller form of name (Stephen Jerome),
Dates associated with a name 1951-
700 1# - ADDED ENTRY--PERSONAL NAME
Personal name Kay, James
Fuller form of name (James J.)
700 1# - ADDED ENTRY--PERSONAL NAME
Personal name Francis, George R .
Fuller form of name (George Reid)
710 2# - ADDED ENTRY--CORPORATE NAME
Corporate name or jurisdiction name as entry element Heritage Resources Centre.
710 2# - ADDED ENTRY--CORPORATE NAME
Corporate name or jurisdiction name as entry element Canadian Parks Service.
856 42 - ELECTRONIC LOCATION AND ACCESS
Materials specified Publisher description
Uniform Resource Identifier <a href="http://www.loc.gov/catdir/enhancements/fy0744/93006949-d.html">http://www.loc.gov/catdir/enhancements/fy0744/93006949-d.html</a>
906 ## - LOCAL DATA ELEMENT F, LDF (RLIN)
a 7
b cbc
c orignew
d 1
e ocip
f 19
g y-gencatlg
942 ## - ADDED ENTRY ELEMENTS (KOHA)
Source of classification or shelving scheme Library of Congress Classification
Koha item type Non-Fiction
Suppress in OPAC No
Holdings
Withdrawn status Lost status Source of classification or shelving scheme Damaged status Not for loan Collection Home library Current library Shelving location Date acquired Source of acquisition Total Checkouts Full call number Barcode Date last seen Price effective from Koha item type
    Library of Congress Classification     Non-fiction Kapasa Makasa University Kapasa Makasa University Open Access 20.02.2026 Donation   QH75.A1. E24 Woo 301453 20.02.2026 20.02.2026 Non-Fiction